By the Numbers #62 - Statistics

General Stats
  • This quiz has been taken 44 times
  • The average score is 13 of 20
Answer Stats
Hint Explanation Answer % Correct
Number of milliliters in a centiliter A milliliter is 0.001 liter

A centiliter is 0.01 liter

0.01 / 0.001 = 10
10
100%
XV * IV The Roman numerals XV and IV are equivalent to the Arabic numbers 15 and 4, respectively. So, …

15 * 4 = 60
60
93%
Year the U.S. Congress declared war on Great Britain Wikipedia: War of 1812 1812
86%
110 27/37 + 110 10/37 110 27/37 + 110 10/37

   = (110 + 27/37) + (110 + 10/37)

   = (110 + 110) + (27/37 + 10/37)

   = 220 + (27/37 + 10/37)

   = 220 + 37/37

   = 220 + 1

   = 221
221
86%
Glomcast Communications owned 22 subsidiaries before acquiring five more. How many subsidiaries does Glomcast own now? 22 + 5 = 27 27
86%
the number of deadly sins * the number of Judaic and Christian commandments Wikipedia: Seven deadly sins

70
86%
1813 * 1813 1813 * 1813

   = 3286969

   = 1813
1813
83%
In pounds, the weight of the gorilla in the U.S. idiom that refers to any entity that is so powerful it can act without regard for the law or the rights of others. The Free Dictionary: eight-hundred-pound gorilla 800
79%
Year Napoleon Bonaparte was defeated in the Battle of Waterloo Wikipedia: Battle of Waterloo 1815
76%
In CA$, the denomination of the coin sometimes referred to as a “toonie” Wikipedia: Toonie 2
76%
Cardinality of the sense in the title of the 1999 psychological thriller film that starred Bruce Willis and Haley Joel Osment Wikipedia: The Sixth Sense 6
76%
Number of days in August (Mensis Sextilis) in the Roman Republican calendar used until 45 BCE (when it was replaced by the Julian calendar) Wikipedia: Roman calendar 29
66%
Number of JetPunk sovereign states that share a land border with Brunei Wikipedia: Brunei 1
62%
Number of sides a tetracontagon has Wikidata: tetracontagon 40
59%
Number of herbs and spices allegedly used in the top secret recipe for the breading used to make KFC’s Original Recipe fried chicken Wikipedia: KFC Original Recipe 11
55%
December date on which the Church of England commemorates Stephen, Deacon and First Martyr The Church of England: Common Worship 26
55%
Number of clocks in the title of James Thurber’s 1950 fantasy novel Wikipedia: The 13 Clocks 13
45%
Atomic number of the element strontium Wikipedia: Strontium 38
38%
Number of governorates that comprise the first-level administrative divisions of Bahrain Wikipedia: Governorates of Bahrain 4
21%
Number of English monarchs from the House of Normandy Wikipedia: List of English monarchs: House of Normandy 3
17%
No matching quizzes found
Score Distribution
Percent of People with Each Score
Percentile by Number Answered
Your Score History
You have not taken this quiz